Park Sekvojí

Bibliographic Details
Format: Article
Language:Slovak
PhysicalDescription:Fotogr.
ISSN:1335-5287
Subjects:

MARC

LEADER 00000nab a2200000 a 4500
001 vtls008413026
003 SK-MaSNL
005 20260304013400.0
008 051201 2005 xo m 000 0 slo
015 |a SNBRB 2005/12 
038 |a KEKMK 
040 |a KEKMK  |b slo  |c KEKMK  |e AACR2 
041 0 |a slo 
044 |a xo  |c SK 
080 |a 712.23(739.4)  |2 UDC-MRF-SK2 
245 0 0 |a Park Sekvojí  |c (E) 
300 |b Fotogr. 
650 0 7 |a národné parky  |2 kekmk  |9 3797 
651 7 |a Kalifornia  |2 kekmk  |9 56238 
773 0 |t Áčko  |g Roč. VIII, č1-2.(2005/06), s.18-19  |x 1335-5287 
852 |a KEKMK  |b KIS3G 
999 |c 2575606  |d 2577536